000 00320 a2200145 4500
001 167325
020 _a
040 _cMagnum
100 _aSancho, Juana M. (Org)
240 1 0 _aPara uma tecnologia educacional
_lpor
245 1 0 _aPara uma tecnologia educacional
362 0 _a1899
697 _aENSINO
942 _cBK
999 _c167325
_d167325